ბათუმის შოთა რუსთაველის სახელმწიფო უნივერსიტეტის ბიბლიოთეკა

მიწის სამუშაოთა მანქანების დაგეგმარების საფუძვლები : (ბიბ.ჩანაწერი № 39201)

000 -ლიდერი
ფიქსირებული სიგრძის საკონტროლო ველი 01150nam a2200229Ia 4500
001 - საკონტროლო ნომერი
საკონტროლო ველი 5787
003 - საკონტროლო ნომრის იდენტიფიკატორი
საკონტროლო ველი GE_BSU
005 - ბოლო ოპერაციის თარიღი და დრო
საკონტროლო ველი 20190531212829.0
008 - ფიქსირებული სიგრძის მონაცემთა ელემენტები - ზოგადი ინფორმაცია
ფიქსირებული სიგრძის საკონტროლო ველი 181216s1964||||ge |||||||||||||| ||geo||
040 ## - კატალოგიზაციის წყარო
Transcribing agency GE_BSU
041 ## - ენის კოდი
Language code of text/sound track or separate title geo
080 ## - უნივერსალური ათობითი კლასიფიკაციის ინდექსი
Universal Decimal Classification number 693.002.5 მ-76
100 ## - მთავარი ჩანაწერი - პიროვნების სახელი
Personal name ქართველიშვილი, ი.
9 (RLIN) 1153
245 ## - ცნობა სათაურის შესახებ
Title მიწის სამუშაოთა მანქანების დაგეგმარების საფუძვლები :
Remainder of title დამხმ. სახელმძღ. /
Statement of responsibility, etc ი. ქართველიშვილი, გ. გუდაძე, ნ. კიკნაძე და სხვ.
264 ## - წარმოების, გამოცემის, დისტრიბუციის და სხვა ცნობები
გამოცემის, წარმოების, დისტრიბუციის... ადგილი თბილისი :
გამოცემის, წარმოების, დისტრიბუციის... სახელწოდება ცოდნა,
გამოცემის, წარმოების, დისტრიბუციის... თარიღი 1964.
300 ## - ფიზიკური აღწერა
Extent 237 გვ.:
Other physical details ნახაზ. ;
Dimensions 22 სმ.
504 ## - BIBLIOGRAPHY, ETC. NOTE
Bibliography, etc ბიბლიოგრ. : გვ.234-235.
653 ## - INDEX TERM--UNCONTROLLED
Uncontrolled term მიწის სამუშაოთა მანქანების დაგეგმარების საფუძვლები
700 ## - ADDED ENTRY--PERSONAL NAME
Personal name გუდაძე, გ.
Relator term ავტორი
9 (RLIN) 1942
700 ## - ADDED ENTRY--PERSONAL NAME
Personal name კიკნაძე, ნ.
Relator term ავტორი
9 (RLIN) 1943
942 ## - ADDED ENTRY ELEMENTS (KOHA)
Koha item type წიგნი
Source of classification or shelving scheme
ეგზემპლარები
ჩამოწერის სტატუსი დაკარგული ეგზემპლარის სტატუსი კლასიფიკაციის წყარო ან თაროზე გაწყობის სქემა დაზიანების სტატუსი არ გაიცემა მუდმივი მდებარეობა (დაცვის ადგილი) ამჟამინდელი ადგილსამყოფელი თაროზე განთავსების ადგილი შეძენის თარიღი ღირებულება, შესყიდვის ნორმალური ფასი სრული შენახვის შიფრი შტრიხკოდი ბოლო ოპერაციის თარიღი ეგზემპლარის მიმდევრობითი ნომერი (კეტერი?) ფასის ძალაში შესვლის თარიღი ეგზემპლარის სახეობა საჯარო შენიშვნა
          ტექნოლოგიური ფაკულტეტის ბიბლიოთეკა ტექნოლოგიური ფაკულტეტის ბიბლიოთეკა წიგნსაცავი 2018-12-17 1.36 693.002.5 მ-76 12039 2018-12-17 12039 2018-12-17 წიგნი 1.36 ლ.
          ტექნოლოგიური ფაკულტეტის ბიბლიოთეკა ტექნოლოგიური ფაკულტეტის ბიბლიოთეკა წიგნსაცავი 2018-12-17 1.36 693.002.5 მ-76 12040 2018-12-17 12040 2018-12-17 წიგნი 1.36 ლ.
          ტექნოლოგიური ფაკულტეტის ბიბლიოთეკა ტექნოლოგიური ფაკულტეტის ბიბლიოთეკა წიგნსაცავი 2018-12-17 1.36 693.002.5 მ-76 12041 2018-12-17 12041 2018-12-17 წიგნი 1.60 ლ.